000 00491nmm a2200169Ia 4500
008 251105s9999||||xx |||||||||||||||||und||
020 _a9781312113237
041 _aita
100 _aPigafetta, Antonio
245 0 _aRelazione del primo viaggio intorno al mondo
264 _a[Quito, Ecuador] :
_bCervantes Digital,
_c2023
300 _a109 páginas
490 _aExpediciones
650 _aHistory (General)
856 _uhttps://public.digitaliapublishing.com/a/126888
942 _cCF
999 _c74559
_d74559